Ptaki stwierdzone w polsce na litere Z-Ż - Statystyki

Ogólne statystyki
  • Ten quiz został rozwiązany 35 razy
  • Średni wynik to 9 z 15
Statystyki odpowiedzi
Odpowiedź % Poprawnych
żuraw
90%
zięba
80%
żołna
75%
zimorodek
70%
zaganiacz
65%
zniczek
65%
zaroślówka
55%
zausznik
50%
żuraw stepowy
50%
zaganiacz blady
45%
zaganiacz szczebiotliwy
45%
zielonka
45%
żwirowiec łąkowy
45%
żwirowiec stepowy
45%
zaganiacz mały
40%
Nie znaleziono quizów pasujących do podanych kryteriów
Rozkład punktacji
Procent ludzi z każdym wynikiem
Percentyl według liczby udzielonych odpowiedzi
Twoja historia wyników
Nie rozwiązałeś tego quizu